01122nabaa22002177a 4500999001500000003000400015005001700019008004100036040000700077100002900084245011200113300001400225500003700239505032300276505008900599650003200688650002700720650001700747773012700764942001300891 c6320d6320OSt20260130200004.0190701b xxu||||| |||| 00| 0 spa d cPJ 96995aCalvo, Eduardo J. 10aSociedades anónimas controladas por el Estado :bapuntes desde el derecho societario /cEduardo J. Calvo. ap. 77-107 aCita: TR LALEY AR/DOC/2587/2025  aSumario: I. Introducción.— II. Los principios del derecho comercial y societario. Sus orígenes.— III. El marco legal de la sociedad anónima estatal en el Cód. Civ. y Com. y la LGS.— IV. La sociedad como flujo de fondos.— V. La responsabilidad de directores y síndicos.— VI. A modo de conclusión.  t¿Te interesa el texto completo? Comunicate al correo: koha@justierradelfuego.gov.ar 09211aDERECHO ADMINISTRATIVO 0aSOCIEDAD ANONIMA91625 0aESTADO955410 0284293251dBuenos Aires : AbeledoPerrot, 2012-oDA121tDerecho administrativo. Nº 162 noviembre/diciembre 2025z18510590 2udccANA